00740cam a22002057a 4500003000500000005001700005008004100022010001000063011001000073035001000083040000900093100003200102245017300134260004100307300002200348502007600370650002900446650003200475650002700507CHAP20220329141902.0980413d1998 mx r 00110 spa d a75292 a76264 a85843 cCHAP00aGarcía Reyes, J. Jesús.10aEvaluación agronómica de 25 colectas de amaranto (Amaranthus hypochondriacus L.), bajo condiciones de temporal en Chapingo, Méxicoc/por J. Jesús García Reyes aChapingo, Méx. :bEl autor,c1998. a50 h. :bgráfs. aTesis (Ing. Agr. Esp. en Fitotecnia) --UACH. Departamento de Fitotecnia14aAgricultura de temporal.14aAmaranthus hypochondriacus.14aAmarantoxRendimiento.